[Event "FRA-ch U20"]
[Site "Aix les Bains"]
[Date "2009.04.20"]
[Round "3"]
[White "Esposito, Julie"]
[Black "Kopp, Tristan"]
[Result "1-0"]
[WhiteElo "1840"]
[BlackElo "1410"]
[PlyCount "65"]
[EventDate "2009.04.19"]
[EventType "swiss"]
[EventRounds "9"]
[EventCountry "FRA"]
[SourceTitle "CBM 130 Extra"]
[Source "ChessBase"]
[SourceDate "2009.07.02"]
[SourceVersion "2"]
[SourceVersionDate "2009.07.15"]
[SourceQuality "1"]

1. d4 d5 2. Bf4 Nc6 3. e3 Bd7 4. Nd2 e6 5. Ngf3 Be7 6. a3 Nf6 7. Bd3 a6 8. 0-0 h6 9. Ne5 0-0 10. Ndf3 Nh5 11. Bg3 Bd6 12. Bh4 Qc8 13. c3 Bxe5 14. Nxe5 Nxe5 15. dxe5 c6 16. Qxh5 Qc7 17. Bg3 a5 18. Bf4 c5 19. g4 b6 20. g5 g6 21. Qxh6 Rad8 22. h4 Be8 23. h5 d4 24. hxg6 fxg6 25. Bxg6 Bxg6 26. Qxg6+ Kh8 27. Kg2 Rf7 28. Rh1+ Rh7 29. Rxh7+ Qxh7 30. Rh1 Rd7 31. Qe8+ Kg7 32. Qxd7+ Kg6 33. Qxh7# 1-0